[Event "Open Sud 2010/2011"]
[Site "Marseille Echecs 7 rue Papety"]
[Date "2011.02.12"]
[Round "6"]
[White "Moulin, Gerard"]
[Black "Danielian, Kevin"]
[Result "0-1"]
[WhiteElo "1440"]
[BlackElo "1500"]
[PlyCount "32"]
[EventDate "2011.??.??"]

1. c4 c5 2. Nc3 Nf6 3. Nf3 Nc6 4. g3 g6 5. Bg2 Bg7 6. d4 cxd4 7. Nxd4 Nxd4 8.
Qxd4 O-O 9. O-O Re8 10. Qd3 d6 11. Bd2 Rb8 12. Rac1 b6 13. Nd5 Nxd5 14. cxd5
Bxb2 15. Bc3 Bxc1 16. Qd4 f6 0-1

[Event "Open Sud 2010/2011"]
[Site "Marseille Echecs 7 rue Papety"]
[Date "2011.02.12"]
[Round "6"]
[White "Cheraki, Roger"]
[Black "Bossy, Romain"]
[Result "0-1"]
[WhiteElo "1610"]
[BlackElo "1630"]
[PlyCount "108"]
[EventDate "2011.??.??"]

1. d4 d5 2. c4 dxc4 3. e4 b5 4. Nc3 a6 5. Nf3 Bb7 6. a3 Nf6 7. Qc2 h6 8. Be2 e6
9. O-O c5 10. e5 Nfd7 11. Rd1 cxd4 12. Rxd4 Bc5 13. Rg4 g6 14. Bf4 Qb6 15. Bg3
Nc6 16. Ne4 Nd4 17. Nxd4 Bxd4 18. Nd6+ Ke7 19. Rd1 Bxe5 20. Bxe5 Nxe5 21. Rg3
Bd5 22. Ne4 f5 23. Qc3 Bxe4 24. Qxe5 Rhg8 25. h4 Bd5 26. Qc3 a5 27. Qe5 b4 28.
a4 Rac8 29. Rxd5 c3 30. bxc3 bxc3 31. Rxc3 Rxc3 32. Rb5 Rc1+ 33. Kh2 Qc7 34.
Qxc7+ Rxc7 35. Rxa5 Rc2 36. Ra7+ Kd6 37. Bb5 Rxf2 38. a5 Kc5 39. Bd3 e5 40. Re7
e4 41. Bb5 e3 42. a6 e2 43. Bxe2 Rxe2 44. a7 Ra8 45. Rh7 h5 46. Rg7 Re6 47. Kg3
Kb6 48. Kf4 Rxa7 49. Rg8 Ra4+ 50. Kg5 Rg4+ 51. Kh6 g5+ 52. Rg6 Rxg6+ 53. Kxg6
gxh4+ 54. Kxh5 Rxg2 0-1

[Event "Open Sud 2010/2011"]
[Site "Marseille Echecs 7 rue Papety"]
[Date "2011.02.12"]
[Round "6"]
[White "Derige, Yan"]
[Black "Ouahhoud, Amine"]
[Result "1-0"]
[WhiteElo "1380"]
[BlackElo "1410"]
[PlyCount "135"]
[EventDate "2011.??.??"]

1. d4 d5 2. c4 c6 3. Nc3 Nf6 4. Nf3 Bg4 5. Bg5 Bxf3 6. exf3 Nbd7 7. Bd3 dxc4 8.
Bxc4 e6 9. O-O Bd6 10. Ne4 Be7 11. Nxf6+ Bxf6 12. Be3 Nb6 13. Bb3 Nd5 14. Bxd5
cxd5 15. Re1 O-O 16. Qd3 Qb6 17. b3 Rac8 18. f4 Qb4 19. Red1 Qc3 20. Qe2 Qc2
21. Qg4 Qe4 22. Re1 Rc3 23. Bd2 Qxd4 24. Bxc3 Qxc3 25. f5 e5 26. Rad1 d4 27.
Qe4 Qc6 28. f4 Re8 29. fxe5 Qxe4 30. Rxe4 Bxe5 31. Kf1 Kf8 32. h3 f6 33. Ke2
Rc8 34. Kd3 Kf7 35. Rd2 Rc3+ 36. Ke2 Rg3 37. Kf2 Ke7 38. Rxe5+ fxe5 39. Kxg3
Kd6 40. Kf3 Kd5 41. g4 e4+ 42. Ke2 Ke5 43. g5 d3+ 44. Ke3 Kxf5 45. h4 g6 46. a3
a6 47. a4 b6 48. b4 b5 49. a5 Ke5 50. Rf2 Kd5 51. Rf4 Kc4 52. Rxe4+ Kc3 53. Rd4
d2 54. Rxd2 Kxb4 55. Rh2 Kxa5 56. h5 Kb4 57. hxg6 hxg6 58. Ke4 Ka3 59. Ke5 b4
60. Kf6 b3 61. Kxg6 a5 62. Kf5 b2 63. Rh1 a4 64. g6 Ka2 65. g7 b1=Q+ 66. Rxb1
Kxb1 67. g8=Q a3 68. Qb3+ 1-0

[Event "Open Sud 2010/2011"]
[Site "Marseille Echecs 7 rue Papety"]
[Date "2011.02.12"]
[Round "6"]
[White "Savalle, Nicolas"]
[Black "Mohammed, Gibran"]
[Result "1/2-1/2"]
[WhiteElo "1440"]
[BlackElo "1400"]
[PlyCount "119"]
[EventDate "2011.??.??"]

1. d4 d5 2. Nf3 Nf6 3. Nc3 Bf5 4. Bg5 h6 5. Bxf6 exf6 6. e3 Bb4 7. Qd2 O-O 8.
a3 Bxc3 9. Qxc3 Nc6 10. Bd3 Bg4 11. Be2 Rb8 12. h3 Bf5 13. Bd3 Be6 14. O-O b5
15. b4 Ne7 16. Qc5 a6 17. a4 Bf5 18. Bxf5 Nxf5 19. Qc6 Rb6 20. Qc5 Ne7 21. Qc3
Rc6 22. Qd3 Rc4 23. c3 Qd6 24. Nd2 Rc6 25. axb5 axb5 26. Rfc1 Rb8 27. Ra5 Rcb6
28. Rca1 Qd8 29. Ra6 Rxa6 30. Rxa6 Qc8 31. Ra5 c6 32. Nb3 Ra8 33. Rxa8 Qxa8 34.
Na5 Nc8 35. e4 Qa6 36. Qf3 dxe4 37. Qxe4 Nd6 38. Qxc6 Qxc6 39. Nxc6 Nc4 40. Kf1
Kf8 41. Na5 Nd6 42. Ke2 Ke7 43. f3 Ke6 44. Ke3 Kd5 45. Kd3 f5 46. f4 f6 47. g3
g6 48. Nb3 Ne4 49. Na5 Nxg3 50. c4+ bxc4+ 51. Nxc4 Kc6 52. Na5+ Kb5 53. d5 Ne4
54. Kd4 Kxb4 55. Nc6+ Kb5 56. Na7+ Kb6 57. Nc8+ Kc7 58. Ne7 g5 59. fxg5 fxg5
60. Nxf5 1/2-1/2

[Event "Open Sud 2010/2011"]
[Site "Marseille Echecs 7 rue Papety"]
[Date "2011.02.12"]
[Round "6"]
[White "Avedissian, Andre"]
[Black "Deregnaucourt, Yves"]
[Result "0-1"]
[WhiteElo "1570"]
[BlackElo "1785"]
[PlyCount "43"]
[EventDate "2011.??.??"]

1. e4 e5 2. Nf3 Nc6 3. Bb5 Bc5 4. O-O Nd4 5. Nxd4 Bxd4 6. c3 Bb6 7. d4 c6 8.
Ba4 d6 9. Be3 Nf6 10. Bc2 O-O 11. h3 Re8 12. Bg5 h6 13. Bh4 g5 14. Bg3 exd4 15.
cxd4 Nxe4 16. Qd3 Bf5 17. Na3 Qf6 18. Rad1 Qg6 19. Rc1 c5 20. d5 c4 21. Qd1
Nxg3 22. Rb1 0-1

[Event "Open Sud 2010/2011"]
[Site "Marseille Echecs 7 rue Papety"]
[Date "2011.02.12"]
[Round "6"]
[White "Ouahhoud, Yassine"]
[Black "Andrieu, Luc"]
[Result "0-1"]
[WhiteElo "1430"]
[BlackElo "1499"]
[PlyCount "82"]
[EventDate "2011.??.??"]

1. e4 e5 2. Nf3 Nc6 3. d4 d6 4. d5 Nce7 5. Nc3 b6 6. Bb5+ Bd7 7. Qe2 c6 8. Bc4
h6 9. O-O Nf6 10. Be3 Ng6 11. a4 Be7 12. h3 Qc8 13. Ba6 Qc7 14. dxc6 Qxc6 15.
Bb5 Qb7 16. Bxd7+ Qxd7 17. Rad1 O-O 18. Qb5 Qxb5 19. Nxb5 Nxe4 20. Nd2 Nxd2 21.
Rxd2 Rfd8 22. Rfd1 f5 23. f3 Rd7 24. Nxd6 f4 25. Bf2 Rad8 26. Ne4 Rxd2 27. Rxd2
Rxd2 28. Nxd2 Kf7 29. Ne4 Nh4 30. c3 Ke6 31. b4 Nf5 32. a5 bxa5 33. bxa5 Ne3
34. g3 Kd5 35. gxf4 exf4 36. Ng3 Bd8 37. Ne2 g5 38. Bxe3 fxe3 39. f4 Bxa5 40.
fxg5 hxg5 41. Kg2 Ke4 0-1

[Event "Open Sud 2010/2011"]
[Site "Marseille Echecs 7 rue Papety"]
[Date "2011.02.12"]
[Round "6"]
[White "Parmeggiani, Marilene"]
[Black "Druel, Patrice"]
[Result "0-1"]
[WhiteElo "1499"]
[BlackElo "1270"]
[PlyCount "47"]
[EventDate "2011.??.??"]

1. c4 Nf6 2. Nc3 e5 3. d3 Nc6 4. e3 Bb4 5. Bd2 Bc5 6. Be2 O-O 7. a3 h6 8. Nf3
b6 9. O-O Bd6 10. Nd5 Re8 11. e4 Nd4 12. Nxd4 exd4 13. Bf3 Be5 14. h3 c6 15.
Nxf6+ Qxf6 16. Bg4 Bd6 17. f4 Qe7 18. Qf3 Bb7 19. Rfe1 Qh4 20. g3 Qd8 21. e5
Bc5 22. f5 Rb8 23. Bh5 Rf8 24. Qg4 {Telephone} 0-1

[Event "Open Sud 2010/2011"]
[Site "Marseille Echecs 7 rue Papety"]
[Date "2011.02.12"]
[Round "6"]
[White "Bertrand, Nicolas"]
[Black "De Albera, Pierre"]
[Result "0-1"]
[WhiteElo "1230"]
[BlackElo "1400"]
[PlyCount "69"]
[EventDate "2011.??.??"]

1. d4 c6 2. e4 d5 3. exd5 cxd5 4. Nc3 Nf6 5. Nf3 Bg4 6. Be2 e6 7. h3 Bxf3 8.
Bxf3 Nc6 9. Bg5 Be7 10. O-O Qb6 11. Rb1 Nxd4 12. Bxf6 Nxf3+ 13. Qxf3 Bxf6 14.
Rfe1 O-O 15. Kh1 Rac8 16. Re2 Bxc3 17. Re3 Bf6 18. b3 Rxc2 19. Re2 Rfc8 20. Kg1
Rc1+ 21. Rxc1 Rxc1+ 22. Kh2 Qc7+ 23. g3 Rc2 24. Rxc2 Qxc2 25. a3 Qc3 26. Qxc3
Bxc3 27. Kg2 d4 28. Kf1 f5 29. Ke2 Kf7 30. f3 Bb2 31. a4 Ba1 32. g4 g6 33. gxf5
gxf5 34. Kf2 Kf6 35. h4 {suite illisible} 0-1

[Event "Open Sud 2010/2011"]
[Site "Marseille Echecs 7 rue Papety"]
[Date "2011.02.12"]
[Round "6"]
[White "Lepretre, Thierry"]
[Black "Derobert, Yves"]
[Result "1-0"]
[WhiteElo "1080"]
[BlackElo "1499"]
[PlyCount "44"]
[EventDate "2011.??.??"]

1. e4 d6 2. Bc4 e6 3. d3 Nf6 4. h3 g6 5. Nf3 Bg7 6. b3 a6 7. Bb2 b5 8. Bd5 exd5
9. exd5 O-O 10. O-O Nbd7 11. Nc3 Nxd5 12. Nxd5 Bxb2 13. Rb1 Bg7 14. Nd2 c6 15.
Nf4 c5 16. Re1 Bb7 17. Re3 Bh6 18. g3 Qf6 19. Re1 g5 20. Nh5 Qg6 21. g4 f5 22.
Re6 Nf6 1-0

[Event "Open Sud 2010/2011"]
[Site "Marseille Echecs"]
[Date "2011.02.12"]
[Round "7"]
[White "Panagiotopoulos, Christos"]
[Black "Derige, Yan"]
[Result "1-0"]
[WhiteElo "1670"]
[BlackElo "1380"]
[PlyCount "107"]
[EventDate "2011.??.??"]

1. e4 e5 2. Nc3 Nc6 3. Nf3 Nf6 4. Bc4 Bc5 5. d3 h6 6. a3 O-O 7. O-O d6 8. h3
Bd7 9. Na4 Bb6 10. Nxb6 axb6 11. Be3 Be6 12. Bxe6 fxe6 13. Nh2 d5 14. exd5 exd5
15. Ng4 Qd6 16. c3 Ne7 17. f4 Ng6 18. fxe5 Nxe5 19. Nxf6+ Rxf6 20. Rxf6 Qxf6
21. Bd4 c5 22. Bxe5 Qxe5 23. Qe1 Qf6 24. Qe2 Qd6 25. Re1 Kh7 26. Qg4 Rf8 27.
Re6 Qc7 28. Qg6+ Kh8 29. Rxb6 Qf4 30. Rxb7 Qf1+ 31. Kh2 Qf4+ 32. Qg3 Qf6 33.
Rb8 Kh7 34. Rxf8 Qxf8 35. b4 cxb4 36. axb4 Qc8 37. Qe5 Qd7 38. c4 dxc4 39. dxc4
Qc8 40. c5 Qd7 41. Qe4+ Kh8 42. Qa8+ Kh7 43. Qb8 Qc6 44. Qb6 Qd5 45. Qd6 Qc4
46. c6 Qa6 47. Qd7 Qb5 48. Qd6 Qb6 49. Qc5 Qc7+ 50. Kg1 Qd8 51. c7 Qc8 52. b5
Kg8 53. Qd5+ Kh7 54. Qd8 1-0

[Event "Open Sud 2010/2011"]
[Site "Marseille Echecs"]
[Date "2011.02.12"]
[Round "7"]
[White "Danielian, Kevin"]
[Black "Tchifteyan, Philippe"]
[Result "1-0"]
[WhiteElo "1500"]
[BlackElo "1674"]
[PlyCount "55"]
[EventDate "2011.??.??"]

1. d4 d5 2. c4 c6 3. Nc3 f5 4. Bf4 Nf6 5. e3 e6 6. Nf3 Be7 7. Qc2 O-O 8. Bd3
Nbd7 9. h3 h5 10. O-O-O Ne4 11. Bxe4 dxe4 12. Ne5 Nxe5 13. Bxe5 Bf6 14. Bxf6
Qxf6 15. g4 h4 16. gxf5 exf5 17. d5 Bd7 18. Rd4 c5 19. Rd2 a6 20. Na4 Rfc8 21.
Qb3 b5 22. Nc3 bxc4 23. Qxc4 Bb5 24. Nxb5 axb5 25. Qxb5 Rxa2 26. Qd7 Ra1+ 27.
Kc2 Qxb2+ 28. Kxb2 1-0

[Event "Open Sud 2010/2011"]
[Site "Marseille Echecs"]
[Date "2011.02.12"]
[Round "7"]
[White "Mohammed, Gibran"]
[Black "Moulin, Gerard"]
[Result "1-0"]
[WhiteElo "1400"]
[BlackElo "1440"]
[PlyCount "121"]
[EventDate "2011.??.??"]

1. e4 d6 2. Nf3 Nf6 3. Nc3 g6 4. Bc4 Bg7 5. d3 O-O 6. O-O c5 7. h3 a6 8. a3 b5
9. Ba2 Bb7 10. Ne2 Nc6 11. c3 Rc8 12. Qb3 Na5 13. Qc2 c4 14. Ng3 e5 15. d4 exd4
16. cxd4 d5 17. e5 Ne4 18. Ne2 f6 19. Nf4 Rc6 20. exf6 Rcxf6 21. b4 Nc6 22. Ne2
Rxf3 23. gxf3 Rxf3 24. Kg2 Qh4 25. Ng1 Nxd4 26. Nxf3 Nxc2 27. Nxh4 Bxa1 28. Bb1
Nd4 29. Bxe4 dxe4 30. Be3 Nb3 31. Kg1 c3 32. Ng2 Bb2 33. Rb1 Nd2 34. Bxd2 cxd2
35. Ne3 Bxa3 36. Rd1 Bxb4 37. Nf1 Bc8 38. Nxd2 Bxd2 39. Rxd2 Bxh3 40. Rd6 Kf7
41. Rxa6 b4 42. Rb6 b3 43. Rxb3 Bd7 44. Re3 Bf5 45. Kh2 Kf6 46. f3 Ke5 47. fxe4
Kf4 48. exf5 Kxf5 49. Rh3 h5 50. Kg3 Kg5 51. Rh4 Kh6 52. Ra4 g5 53. Rb4 Kg6 54.
Kh3 Kf5 55. Rc4 Ke5 56. Kg3 Kd5 57. Rc1 Ke5 58. Rh1 h4+ 59. Kg4 Kf6 60. Rf1+
Kg6 61. Rf5 1-0

[Event "Open Sud 2010/2011"]
[Site "Marseille Echecs"]
[Date "2011.02.12"]
[Round "7"]
[White "Andrieu, Luc"]
[Black "Cheraki, Roger"]
[Result "0-1"]
[WhiteElo "1499"]
[BlackElo "1610"]
[PlyCount "54"]
[EventDate "2011.??.??"]

1. d4 d5 2. c4 c6 3. e3 e6 4. Nf3 Nf6 5. a3 Nbd7 6. Bd3 dxc4 7. Bxc4 b5 8. Bd3
Bb7 9. Nc3 Rc8 10. b4 a5 11. Qb3 Ra8 12. Bb2 Be7 13. O-O a4 14. Qd1 Bd6 15. Rc1
O-O 16. e4 e5 17. d5 Qb6 18. Rc2 Nh5 19. Nxe5 Nxe5 20. Bxb5 cxb5 21. Qxh5 f6
22. Ne2 Rac8 23. Rxc8 Rxc8 24. Kh1 Nd3 25. Bd4 Qc7 26. Nc3 Qc4 27. Ne2 Nf4 0-1

[Event "Open Sud 2010/2011"]
[Site "Marseille Echecs"]
[Date "2011.02.12"]
[Round "7"]
[White "De Albera, Pierre"]
[Black "Savalle, Nicolas"]
[Result "0-1"]
[WhiteElo "1400"]
[BlackElo "1440"]
[PlyCount "72"]
[EventDate "2011.??.??"]

1. d4 d5 2. Nf3 Nc6 3. Bf4 Bg4 4. e3 Nf6 5. h3 Bh5 6. Nbd2 h6 7. Bb5 Qd7 8. Qc1
a6 9. Ne5 Qe6 10. Ba4 b5 11. Bb3 g5 12. Bh2 Nd7 13. Nef3 O-O-O 14. a3 Bg7 15.
c3 f5 16. O-O g4 17. Nh4 Rdg8 18. g3 Bf6 19. Ng2 Bg5 20. h4 Bf7 21. Re1 Rh7 22.
Ba2 Rf8 23. b3 Nf6 24. c4 Ne4 25. cxd5 Qxd5 26. Qc2 Nxd2 27. Qxd2 Qf3 28. Qe2
Bd5 29. e4 Bxe4 30. Qxe4 fxe4 31. b4 Nxd4 32. Rf1 Ne2+ 33. Kh1 Bf6 34. Be6+ Kb8
35. Ra2 Bd4 36. Bg1 Nxg3+ 0-1

[Event "Open Sud 2010/2011"]
[Site "Marseille Echecs"]
[Date "2011.02.12"]
[Round "7"]
[White "Avedissian, Andre"]
[Black "Bertrand, Nicolas"]
[Result "1/2-1/2"]
[WhiteElo "1570"]
[BlackElo "1230"]
[PlyCount "37"]
[EventDate "2011.??.??"]

1. e4 c5 2. Nf3 d6 3. d4 cxd4 4. Nxd4 Nf6 5. Nc3 Bd7 6. Bc4 a6 7. a3 Nc6 8. Bg5
e6 9. f4 Be7 10. e5 dxe5 11. fxe5 Nxe5 12. Bb3 O-O 13. Qe2 Nc6 14. O-O-O Qe8
15. h4 h6 16. Bf4 Bxa3 17. bxa3 e5 18. Nxc6 Bxc6 19. Bxe5 1/2-1/2

[Event "Open Sud 2010/2011"]
[Site "Marseille Echecs"]
[Date "2011.02.12"]
[Round "7"]
[White "Kaftandjian, Patrick"]
[Black "Ouahhoud, Amine"]
[Result "0-1"]
[WhiteElo "1499"]
[BlackElo "1410"]
[PlyCount "72"]
[EventDate "2011.??.??"]

1. d4 d5 2. e3 Nf6 3. Nc3 c6 4. Bd3 Bg4 5. Nf3 Nbd7 6. O-O e5 7. Re1 e4 8. Nxe4
dxe4 9. Be2 exf3 10. Bxf3 Bxf3 11. Qxf3 Be7 12. e4 O-O 13. e5 Nd5 14. c3 Bg5
15. Bxg5 Qxg5 16. Re4 Nc7 17. Rg4 Qd2 18. Rb1 Qc2 19. Qe4 Qxe4 20. Rxe4 Rfe8
21. f4 f6 22. g4 fxe5 23. fxe5 c5 24. Rc1 Nf6 25. Rf4 Nfd5 26. Re4 c4 27. Rce1
Ne6 28. h4 Rf8 29. R4e2 Rf4 30. Rg2 h5 31. g5 Rxh4 32. Rh2 Rxh2 33. Kxh2 Nxg5
34. Kg3 g6 35. Rg1 Kh7 36. Kh4 Nf3+ 0-1

[Event "Open Sud 2010/2011"]
[Site "Marseille Echecs"]
[Date "2011.02.12"]
[Round "7"]
[White "Ouahhoud, Yassine"]
[Black "Parmeggiani, Marilene"]
[Result "1-0"]
[WhiteElo "1430"]
[BlackElo "1499"]
[PlyCount "31"]
[EventDate "2011.??.??"]

1. e4 e5 2. Nf3 d6 3. d4 exd4 4. Bc4 c5 5. Bxf7+ Kxf7 6. Ng5+ Ke7 7. Qf3 Nf6 8.
Bf4 Nc6 9. Nd2 Ne5 10. Qb3 b6 11. Bxe5 dxe5 12. Qf7+ Kd6 13. Nc4+ Kc6 14. Nxe5+
Kb5 15. Qc4+ Ka5 16. Nc6# 1-0

[Event "Open Sud 2010/2011"]
[Site "Marseille Echecs"]
[Date "2011.02.12"]
[Round "8"]
[White "Deregnaucourt, Yves"]
[Black "Panagiotopoulos, Christos"]
[Result "0-1"]
[WhiteElo "1785"]
[BlackElo "1670"]
[PlyCount "52"]
[EventDate "2011.??.??"]

1. e4 c5 2. d4 cxd4 3. c3 d5 4. exd5 Qxd5 5. cxd4 Nc6 6. Nf3 Bg4 7. Nc3 Qa5 8.
Be2 Nf6 9. O-O e6 10. a3 Be7 11. Be3 Nd5 12. Nxd5 Qxd5 13. Rc1 O-O 14. Qd3 a6
15. Ng5 Bxg5 16. Bxg4 Bxe3 17. fxe3 Rad8 18. Qe2 e5 19. Rfd1 exd4 20. exd4 Rfe8
21. Qf2 Qg5 22. Bf3 Nxd4 23. Rc7 Nxf3+ 24. Qxf3 Rxd1+ 25. Qxd1 Qe3+ 26. Kf1
Qf4+ 0-1

[Event "Open Sud 2010/2011"]
[Site "Marseille Echecs"]
[Date "2011.02.12"]
[Round "8"]
[White "Ouahhoud, Amine"]
[Black "Danielian, Kevin"]
[Result "1-0"]
[WhiteElo "1410"]
[BlackElo "1500"]
[PlyCount "79"]
[EventDate "2011.??.??"]

1. d4 d5 2. c4 e6 3. Nc3 Nf6 4. Bg5 Be7 5. Nf3 O-O 6. e3 Nbd7 7. cxd5 Nxd5 8.
Bxe7 Qxe7 9. Nxd5 exd5 10. Bd3 Qb4+ 11. Qd2 Qxd2+ 12. Nxd2 Re8 13. O-O Nf6 14.
Rfe1 Ne4 15. Nxe4 dxe4 16. Bc2 c6 17. f3 Bf5 18. fxe4 Bxe4 19. Bxe4 Rxe4 20.
Kf2 Rae8 21. Rac1 f5 22. g3 g5 23. a3 f4 24. exf4 gxf4 25. Rxe4 Rxe4 26. Kf3
Rxd4 27. gxf4 Rd2 28. Rg1+ Kf7 29. Rg2 Rxg2 30. Kxg2 Kf6 31. Kf3 Kf5 32. a4 b5
33. axb5 cxb5 34. b4 a6 35. h3 h6 36. Ke3 h5 37. Kf3 Ke6 38. Ke4 Kf7 39. Ke5
Ke7 40. f5 1-0

[Event "Open Sud 2010/2011"]
[Site "Marseille Echecs"]
[Date "2011.02.12"]
[Round "8"]
[White "Cheraki, Roger"]
[Black "Mohammed, Gibran"]
[Result "1-0"]
[WhiteElo "1610"]
[BlackElo "1400"]
[PlyCount "39"]
[EventDate "2011.??.??"]

1. d4 d5 2. c4 e6 3. Nf3 Nf6 4. Bg5 Be7 5. e3 O-O 6. Nc3 h6 7. Bf4 Bb4 8. Bd3
dxc4 9. Bxc4 Ne4 10. Qc2 Bxc3+ 11. bxc3 Nf6 12. O-O Nc6 13. e4 Na5 14. Bd3 Nc6
15. Rad1 Bd7 16. Qc1 Rc8 17. e5 Nd5 18. Bxh6 gxh6 19. Qxh6 Nxc3 20. Qh7# 1-0

[Event "Open Sud 2010/2011"]
[Site "Marseille Echecs"]
[Date "2011.02.12"]
[Round "8"]
[White "Tchifteyan, Philippe"]
[Black "Derige, Yan"]
[Result "1-0"]
[WhiteElo "1674"]
[BlackElo "1380"]
[PlyCount "35"]
[EventDate "2011.??.??"]

1. d4 d5 2. e3 e6 3. c4 Nf6 4. Nc3 Be7 5. Nf3 O-O 6. Qc2 b6 7. cxd5 exd5 8. Bd3
Bb7 9. g4 h6 10. g5 hxg5 11. Nxg5 c5 12. Nh7 Nxh7 13. Bxh7+ Kh8 14. Rg1 Nc6 15.
Qf5 Nb4 16. Qh5 Qd6 17. Bg6+ Kg8 18. Qh7# 1-0

[Event "Open Sud 2010/2011"]
[Site "Marseille Echecs"]
[Date "2011.02.12"]
[Round "8"]
[White "Moulin, Gerard"]
[Black "Savalle, Nicolas"]
[Result "1-0"]
[WhiteElo "1440"]
[BlackElo "1440"]
[PlyCount "51"]
[EventDate "2011.??.??"]

1. c4 e5 2. Nc3 f6 3. Nf3 Nc6 4. d4 Bb4 5. Bd2 d6 6. a3 Bxc3 7. Bxc3 Bg4 8. d5
Nce7 9. e4 c6 10. Be2 c5 11. Qa4+ Bd7 12. Qc2 a6 13. b4 b5 14. Nd2 Rc8 15. bxc5
dxc5 16. Rb1 Rb8 17. O-O g5 18. Bh5+ Ng6 19. Qd3 Kf8 20. g3 Qc8 21. Qe3 g4 22.
f3 f5 23. exf5 Bxf5 24. fxg4 Nf6 25. Rxf5 Kg7 26. Rbf1 1-0

[Event "Open Sud 2010/2011"]
[Site "Marseille Echecs"]
[Date "2011.02.12"]
[Round "8"]
[White "Andrieu, Luc"]
[Black "Avedissian, Andre"]
[Result "0-1"]
[WhiteElo "1499"]
[BlackElo "1570"]
[PlyCount "74"]
[EventDate "2011.??.??"]

1. d4 Nf6 2. c4 g6 3. Nc3 Bg7 4. Bg5 O-O 5. Qd2 d6 6. Bh6 Nbd7 7. Bxg7 Kxg7 8.
Nf3 Re8 9. e4 e5 10. d5 Nc5 11. Qe3 Ng4 12. Qd2 f5 13. exf5 Bxf5 14. b4 e4 15.
Nd4 Nd3+ 16. Bxd3 exd3+ 17. Kd1 Qf6 18. Nxf5+ Qxf5 19. Kc1 Re7 20. Kb2 Rae8 21.
Kb3 c6 22. h3 Nf6 23. dxc6 bxc6 24. Rhe1 d5 25. a4 dxc4+ 26. Kxc4 Nd7 27. Kb3
Nb6 28. Rxe7+ Rxe7 29. Ka2 Nxa4 30. Kb1 Nxc3+ 31. Qxc3+ Kh6 32. Qd2+ g5 33. Ra5
Qg6 34. h4 Re2 35. Qxg5+ Qxg5 36. hxg5+ Kg6 37. f4 Re1+ 0-1

[Event "Open Sud 2010/2011"]
[Site "Marseille Echecs"]
[Date "2011.02.12"]
[Round "8"]
[White "De Albera, Pierre"]
[Black "Ouahhoud, Yassine"]
[Result "1-0"]
[WhiteElo "1400"]
[BlackElo "1430"]
[PlyCount "57"]
[EventDate "2011.??.??"]

1. d4 d5 2. Nf3 e6 3. g3 Nf6 4. Bg2 c5 5. c3 Be7 6. O-O b6 7. Bg5 Nbd7 8. Na3
a6 9. c4 Bb7 10. cxd5 Bxd5 11. Nc2 Rc8 12. b3 O-O 13. Rc1 cxd4 14. Ncxd4 Ba3
15. Rc2 Be4 16. Rxc8 Qxc8 17. Ne1 Bxg2 18. Nxg2 Rd8 19. e3 Be7 20. Qe2 Nf8 21.
Rd1 Ng6 22. e4 e5 23. Nf5 Rxd1+ 24. Qxd1 Bd8 25. f3 h6 26. Be3 Bc7 27. Ngh4 b5
28. Nxg6 fxg6 29. Ne7+ 1-0

[Event "Open Sud 2010/2011"]
[Site "Marseille Echecs"]
[Date "2011.02.12"]
[Round "8"]
[White "Kaftandjian, Patrick"]
[Black "Parmeggiani, Marilene"]
[Result "1/2-1/2"]
[WhiteElo "1499"]
[BlackElo "1499"]
[PlyCount "30"]
[EventDate "2011.??.??"]

1. d4 Nf6 2. c4 e6 3. g3 b6 4. Bg2 Nc6 5. Bg5 h6 6. Bxf6 Qxf6 7. e3 Bb7 8. Nf3
Bb4+ 9. Nc3 O-O 10. O-O Bxc3 11. bxc3 Ne7 12. Ne5 Bc6 13. a4 Rfd8 14. e4 d6 15.
Nxc6 Nxc6 1/2-1/2

[Event "Open Sud 2010/2011"]
[Site "Marseille Echecs 7 rue Papety"]
[Date "2011.04.02"]
[Round "9"]
[White "Panagiotopoulos, Christos"]
[Black "Cheraki, Roger"]
[Result "0-1"]
[WhiteElo "1670"]
[BlackElo "1610"]
[PlyCount "114"]
[EventDate "2011.??.??"]

1. e4 e6 2. d4 d5 3. exd5 exd5 4. Nf3 h6 5. Bd3 Nf6 6. h3 Be6 7. Bf4 c5 8. c3
Nc6 9. dxc5 Bxc5 10. b4 Bd6 11. Bxd6 Qxd6 12. O-O O-O 13. Nbd2 Rac8 14. a3 Ne5
15. Nb1 Nxd3 16. Qxd3 Ne4 17. Nd4 a6 18. f3 Ng3 19. Re1 Qb6 20. Nd2 Rfe8 21.
N2b3 Nh5 22. Rac1 Nf4 23. Qd2 Ng6 24. a4 Qc7 25. a5 Qg3 26. Qf2 Qg5 27. Nxe6
fxe6 28. Nc5 Nf4 29. Kh2 Rxc5 30. bxc5 Nd3 31. h4 Qxc1 32. Rxc1 Nxf2 33. Rb1
Rc8 34. Rxb7 Rxc5 35. Rb6 Rxa5 36. Rxe6 Kf7 37. Rd6 Ke7 38. Rg6 Kf7 39. Rd6 Nd1
40. c4 Ne3 41. cxd5 Nxd5 42. g4 Nf6 43. Rb6 Ra2+ 44. Kg3 a5 45. g5 hxg5 46.
hxg5 Ne8 47. f4 a4 48. f5 Ra1 49. Rb7+ Kf8 50. Ra7 a3 51. Kg2 Nd6 52. f6 gxf6
53. gxf6 a2 54. Ra6 Ne4 55. Ra7 Nxf6 56. Ra6 Kf7 57. Kf2 Ne4+ 0-1

[Event "Open Sud 2010/2011"]
[Site "Marseille Echecs 7 rue Papety"]
[Date "2011.04.02"]
[Round "9"]
[White "Danielian, Kevin"]
[Black "Deregnaucourt, Yves"]
[Result "0-1"]
[WhiteElo "1500"]
[BlackElo "1785"]
[PlyCount "94"]
[EventDate "2011.??.??"]

1. d4 Nf6 2. c4 c5 3. d5 b5 4. Nf3 Bb7 5. b3 g6 6. Nbd2 Bg7 7. Bb2 O-O 8. e4
bxc4 9. Bxc4 e6 10. dxe6 fxe6 11. Qc2 Nxe4 12. Bxg7 Nxd2 13. Bxf8 Nxf3+ 14.
gxf3 Qxf8 15. Be2 Nc6 16. Rc1 d6 17. Qe4 Qf7 18. Qe3 Nd4 19. Rc3 Rf8 20. O-O
Nxf3+ 21. Bxf3 Bxf3 22. Re1 Bd5 23. Qg3 Qe7 24. Rce3 Rf5 25. Kf1 c4 26. Rc3 Rg5
27. Qe3 Bg2+ 28. Ke2 Re5 29. Qxe5 dxe5 30. Rxc4 Qb7 31. Kd2 Bd5 32. Rc3 Qb6 33.
Re2 e4 34. Kc2 Qa6 35. Kd1 Qa5 36. Rcc2 Qb5 37. Rc8+ Kg7 38. Rc7+ Kh6 39. Re3
Kg5 40. Rf7 Qf1+ 41. Re1 Qh3 42. Rg1+ Kh6 43. Rxa7 Qd3+ 44. Kc1 Qc3+ 45. Kb1
Qd3+ 46. Kc1 e3 47. Rd1 Qc3+ 0-1

[Event "Open Sud 2010/2011"]
[Site "Marseille Echecs 7 rue Papety"]
[Date "2011.04.02"]
[Round "9"]
[White "Mohammed, Gibran"]
[Black "Tchifteyan, Philippe"]
[Result "0-1"]
[WhiteElo "1400"]
[BlackElo "1674"]
[PlyCount "122"]
[EventDate "2011.??.??"]

1. e4 c5 2. Nf3 Nc6 3. d4 cxd4 4. Nxd4 d6 5. Bb5 Bd7 6. Nxc6 bxc6 7. Bc4 e6 8.
O-O d5 9. exd5 cxd5 10. Bd3 Bc5 11. Qg4 Qf6 12. Nc3 Nh6 13. Qg5 Qxg5 14. Bxg5
Ng4 15. h3 Nxf2 16. Rxf2 f6 17. Bd2 O-O 18. Raf1 Bc6 19. Kh1 Bxf2 20. Rxf2 e5
21. Bb5 Bxb5 22. Nxb5 Rfc8 23. Ba5 Rc5 24. a4 Rac8 25. c3 d4 26. Nxa7 Ra8 27.
Bb6 Rd5 28. c4 Rd7 29. c5 Raxa7 30. c6 Rf7 31. Bxa7 Rxa7 32. Rc2 Rc7 33. b4 d3
34. Rd2 Rxc6 35. Rxd3 Rc1+ 36. Kh2 e4 37. Re3 Rc4 38. Rb3 f5 39. a5 e3 40. Kg1
Rc1+ 41. Kh2 e2 42. Re3 e1=Q 43. Rxe1 Rxe1 44. a6 Ra1 45. b5 Ra5 46. Kg3 Rxb5
47. a7 Ra5 48. Kf4 Rxa7 49. g3 h6 50. Kf3 Kf7 51. Kg2 g5 52. h4 g4 53. Kf2 Ra2+
54. Ke3 Kf6 55. Kf4 Ra4+ 56. Ke3 Ke5 57. Kf2 Ke4 58. Kg2 Ra2+ 59. Kf1 Kf3 60.
Kg1 Kxg3 61. Kh1 Ra1# 0-1

[Event "Open Sud 2010/2011"]
[Site "Marseille Echecs 7 rue Papety"]
[Date "2011.04.02"]
[Round "9"]
[White "Ouahhoud, Amine"]
[Black "Moulin, Gerard"]
[Result "1/2-1/2"]
[WhiteElo "1410"]
[BlackElo "1440"]
[PlyCount "44"]
[EventDate "2011.??.??"]

1. d4 Nf6 2. c4 g6 3. Nc3 Bg7 4. e4 d6 5. Nf3 O-O 6. Bg5 h6 7. Bh4 g5 8. Bg3
Nh5 9. Qd3 Nc6 10. Be2 Nb4 11. Qd2 Bg4 12. e5 Nxg3 13. hxg3 Bxf3 14. Bxf3 dxe5
15. dxe5 Qxd2+ 16. Kxd2 Rad8+ 17. Ke2 Nc2 18. Rad1 Nd4+ 19. Ke3 Nxf3 20. gxf3
Bxe5 21. Rxh6 Rxd1 22. Nxd1 Rd8 1/2-1/2